Dignidad : (Registro nro. 42002)
[ vista simple ]
| 000 -LEADER | |
|---|---|
| fixed length control field | 01234cam a2200337 i 4500 |
| 001 - CONTROL NUMBER | |
| control field | 42002 |
| 003 - CONTROL NUMBER IDENTIFIER | |
| control field | Mx-PuUPA |
| 005 - DATE AND TIME OF LATEST TRANSACTION | |
| control field | 20251124164037.0 |
| 008 - FIXED-LENGTH DATA ELEMENTS--GENERAL INFORMATION | |
| fixed length control field | 140415s2018 mx gr 001 0 spa d |
| 017 ## - COPYRIGHT OR LEGAL DEPOSIT NUMBER | |
| Copyright or legal deposit number | B. 30.175-2018 |
| 020 ## - INTERNATIONAL STANDARD BOOK NUMBER | |
| International Standard Book Number | 9788417556075 |
| Qualifying information | ISBN Anthropos |
| 020 ## - INTERNATIONAL STANDARD BOOK NUMBER | |
| International Standard Book Number | 9786072814592 |
| Qualifying information | ISBN UAM |
| 040 ## - CATALOGING SOURCE | |
| Transcribing agency | Mx-PuUPA |
| Original cataloging agency | Mx-PuUPA |
| Language of cataloging | spa |
| Modifying agency | Mx-PuUPA |
| Description conventions | rda |
| 041 0# - LANGUAGE CODE | |
| Language code of text/sound track or separate title | spa |
| 245 10 - TITLE STATEMENT | |
| Title | Dignidad : |
| Remainder of title | perspectivas y aportaciones de la filosofía moral y la filosofía política / |
| Statement of responsibility, etc. | Carmen Trueba Atienza, Sergio Pérez Cortés, editores |
| 264 #1 - PRODUCTION, PUBLICATION, DISTRIBUTION, MANUFACTURE, AND COPYRIGHT NOTICE | |
| Place of production, publication, distribution, manufacture | México : |
| Name of producer, publisher, distributor, manufacturer | Universidad Autónoma Metropolitana - Iztapalapa ; |
| Place of production, publication, distribution, manufacture | Barcelona : |
| Name of producer, publisher, distributor, manufacturer | Anthropos Editorial, |
| Date of production, publication, distribution, manufacture, or copyright notice | 2018 |
| 300 ## - PHYSICAL DESCRIPTION | |
| Extent | 379 páginas ; |
| Dimensions | 21 cm |
| 336 ## - CONTENT TYPE | |
| Fuente | rdacontent |
| Content type term | texto |
| Content type code | txt |
| 337 ## - MEDIA TYPE | |
| Source | rdamedia |
| Media type term | sin medio |
| Media type code | n |
| 338 ## - CARRIER TYPE | |
| Source | rdacarrier |
| Carrier type term | volumen |
| Carrier type code | nc |
| 490 0# - SERIES STATEMENT | |
| Series statement | Autores, textos y temas. Filosofía ; |
| Volume/sequential designation | 106 |
| 650 #7 - SUBJECT ADDED ENTRY--TOPICAL TERM | |
| Source of heading or term | armarc |
| Topical term or geographic name entry element | Dignidad |
| 650 #7 - SUBJECT ADDED ENTRY--TOPICAL TERM | |
| Source of heading or term | armarc |
| Topical term or geographic name entry element | Valores (Filosofía) |
| 650 #7 - SUBJECT ADDED ENTRY--TOPICAL TERM | |
| Source of heading or term | armarc |
| Topical term or geographic name entry element | Ética |
| 650 #7 - SUBJECT ADDED ENTRY--TOPICAL TERM | |
| Source of heading or term | armarc |
| Topical term or geographic name entry element | Filosofía Política |
| 700 1# - ADDED ENTRY--PERSONAL NAME | |
| Personal name | Trueba Atienza, Carmen, |
| Relator term | editor |
| 700 1# - ADDED ENTRY--PERSONAL NAME | |
| Personal name | Pérez Cortés, Sergio, |
| Relator term | editor |
| 9 (RLIN) | 1749 |
| 942 ## - ADDED ENTRY ELEMENTS (KOHA) | |
| Source of classification or shelving scheme | Dewey Decimal Classification |
| Koha item type | Libro |
| Classification part | 121.8 |
| Item part | D57 |
| Withdrawn status | Lost status | Source of classification or shelving scheme | Damaged status | Not for loan | Collection code | Home library | Current library | Shelving location | Date acquired | Source of acquisition | Total Checkouts | Full call number | Barcode | Date last seen | Date last checked out | Price effective from | Koha item type |
|---|---|---|---|---|---|---|---|---|---|---|---|---|---|---|---|---|---|
| Dewey Decimal Classification | Consulta en sala | Magisterial | Biblioteca Karol Wojtyla | Biblioteca Karol Wojtyla | Sala general | 03/12/2013 | Compra | 1 | 121.8 D57 2018 | 63310 | 19/01/2026 | 26/11/2025 | 03/12/2013 | Magisterial |